000 01193nam a2200289 c 4500
003 BLK
005 20190913121208.0
008 180911b bul|||||r ||||||| ||bul||
010 _a002394
040 _aBLK
041 _aBUL
080 _aРаковски, Георги
_x92
_z398(092)92
100 1 _aСТОИЛОВ, Антон
_eпърви автор
245 0 0 _aГ. С. Раковски
246 _aПо случай петдесетгодишнината от смъртта му. 1867 - 1917. Фолклорни разяснения
260 _aСофия
_c1917
_fЦарска придворна печ.
300 _a26 с
_c24 см
380 _a5
490 _aЧастна колекция - Академик Михаил Арнаудов
_gДарение - Основен фонд
501 _aОтпеч. от Г. С. Раковски : По случай петдесетгодишнината от смъртта му. 1867 - 1917. : 1917. - с. 223-249.
650 _aБиографии
650 _aФолклор
655 _aбългарска етнология
700 1 _aА. П. Стоилов
852 _aМА 4086
942 _cKNG
_n0
944 _aCR
_c1994
999 _c342740
_d342740